Statistics for First Five Alphabetically

Click here to take the quiz!

General Stats

  • This quiz has been taken 75 times
  • The average score is 13 of 25

Answer Stats

Answer% Correct
Albania
91%
Afghanistan
90%
Algeria
84%
Adams
81%
Bush
77%
Andorra
73%
Angola
70%
Argon
69%
Aluminum
66%
Accra
61%
Addis Ababa
56%
Abuja
53%
Carter
53%
Buchanan
51%
Abu Dhabi
47%
Arthur
37%
Algiers
36%
Antimony
31%
ABBA
29%
AC/DC
27%
Aerosmith
26%
Americium
26%
Actinium
17%
The Allman Brothers Band
9%
Alice Cooper
3%

Score Distribution

Percentile by Number Answered

Percent of People with Each Score

Your Score History

You have not taken this quiz